Agricultural exension ផ្សព្វផ្សាយកសិកម្ម (Record no. 9652)

000 -LEADER
fixed length control field 00333nam a22001217a 4500
040 ## - CATALOGING SOURCE
Transcribing agency HS
082 ## - DEWEY DECIMAL CLASSIFICATION NUMBER
Classification number 630
100 ## - MAIN ENTRY--AUTHOR NAME
Personal name អ៊ុក គុណកា
245 ## - TITLE STATEMENT
Title Agricultural exension ផ្សព្វផ្សាយកសិកម្ម
260 ## - PUBLICATION, DISTRIBUTION, ETC. (IMPRINT)
Place of publication Cambodia
Name of publisher អ៊ុក គុណកា
Year of publication 1999
300 ## - PHYSICAL DESCRIPTION
Number of Pages 162p;
942 ## - ADDED ENTRY ELEMENTS (KOHA)
Koha item type សៀវភៅភាសាខ្មែរ
952 ## - LOCATION AND ITEM INFORMATION (KOHA)
Withdrawn status [LOCAL, KOHA] 0
Holdings
Koha item type Barcode Lost status Permanent Location Current Location Date acquired Full call number
សៀវភៅភាសាខ្មែរRUA043105 Library Block CLibrary Block C2016-09-06630 អ៊ុក 1999 C281
មជ្ឈមណ្ឌលឯការនៃសាកលវិទ្យាល័យភូមិន្ទកសិកម្មចំការដូង

Powered by Koha